[Event "Wch Amateurs U2300"]
[Site "Rhodes"]
[Date "2024.10.28"]
[Round "2"]
[White "Kartsev, Nikolaj"]
[Black "Singh, Arvinder Preet"]
[Result "0-1"]
[WhiteElo "2036"]
[BlackElo "1950"]
[PlyCount "82"]
[EventDate "2024.10.27"]
[EventType "swiss"]
[EventRounds "9"]
[EventCountry "GRE"]
[SourceTitle "CB45_2024"]
[Source "ChessBase"]
[SourceDate "2024.11.06"]
[SourceVersion "1"]
[SourceVersionDate "2024.11.06"]
[SourceQuality "1"]

1. e4 c5 2. c3 d5 3. exd5 Qxd5 4. Nf3 Nc6 5. Na3 Bg4 6. Be2 e5 7. d3 Nf6 8. 0-0 0-0-0 9. Bg5 Bf5 10. Re1 h6 11. Bh4 g5 12. Bg3 Bg7 13. Nc4 Rhe8 14. d4 exd4 15. Qa4 Ne4 16. Nb6+ axb6 17. Bc4 Qxc4 18. Qxc4 Be6 19. Qb5 Nxg3 20. hxg3 dxc3 21. bxc3 Bxc3 22. Qxb6 g4 23. Rab1 Rd7 24. Re3 Ba5 25. Qxc5 gxf3 26. gxf3 Red8 27. Kg2 Rd5 28. Qa3 Rd2 29. Rb5 Rxa2 30. Qc1 Rdd2 31. Rxa5 Rxf2+ 32. Kg1 Rg2+ 33. Kf1 Raf2+ 34. Ke1 Rg1+ 35. Kxf2 Rxc1 36. Rh5 Nd4 37. g4 Rc2+ 38. Kg3 Ne2+ 39. Kh4 Nf4 40. Rxe6 Rh2+ 41. Kg3 Nxh5+ 0-1

[Event "Wch Amateurs U2300"]
[Site "Rhodes"]
[Date "2024.10.27"]
[Round "1"]
[White "Singh, Arvinder Preet"]
[Black "Elier, Ali"]
[Result "0-1"]
[WhiteElo "1950"]
[BlackElo "2162"]
[PlyCount "96"]
[EventDate "2024.10.27"]
[EventType "swiss"]
[EventRounds "9"]
[EventCountry "GRE"]
[SourceTitle "CB45_2024"]
[Source "ChessBase"]
[SourceDate "2024.11.06"]
[SourceVersion "1"]
[SourceVersionDate "2024.11.06"]
[SourceQuality "1"]

1. e4 e5 2. Nf3 Nc6 3. Bb5 a6 4. Ba4 Nf6 5. 0-0 b5 6. Bb3 Bc5 7. c3 d6 8. a4 Bb7 9. d4 Bb6 10. Re1 0-0 11. Bg5 h6 12. Bh4 g5 13. Nxg5 hxg5 14. Bxg5 exd4 15. Bd5 dxc3 16. Nxc3 Re8 17. e5 Rxe5 18. Rxe5 dxe5 19. Ne4 Nxe4 20. Bxd8 Nxf2 21. Qh5 Ng4+ 22. Kh1 Nf2+ 23. Kg1 Nd1+ 24. Kf1 Ne3+ 25. Ke1 Nxd5 26. Qg4+ Kf8 27. Bg5 Nd4 28. Rc1 Ne6 29. Bh6+ Ke7 30. Qh4+ f6 31. Bd2 Rg8 32. g3 Rg7 33. Qh8 Kd7 34. Bh6 Re7 35. h4 e4 36. Qb8 Nd8 37. Bf4 Bc6 38. axb5 axb5 39. h5 e3 40. h6 Nxf4 41. gxf4 e2 42. Ra1 Bc5 43. h7 Bb4+ 44. Kf2 e1Q+ 45. Rxe1 Bxe1+ 46. Kf1 Rxh7 47. Kxe1 Rh1+ 48. Kd2 Ra1 0-1

[Event "New Delhi Matrix op 3rd"]
[Site "New Delhi"]
[Date "2024.04.08"]
[Round "6"]
[White "Lakshmi Charan Naidu, G."]
[Black "Singh, Arvinder Preet"]
[Result "1/2-1/2"]
[WhiteElo "1753"]
[BlackElo "2064"]
[PlyCount "176"]
[EventDate "2024.04.06"]
[EventType "swiss"]
[EventRounds "9"]
[EventCountry "IND"]
[SourceTitle "CBM 219 Extra"]
[Source "ChessBase"]
[SourceDate "2024.05.31"]
[SourceVersion "1"]
[SourceVersionDate "2024.05.31"]
[SourceQuality "1"]

1. d4 f5 2. Nc3 e6 3. e4 Bb4 4. exf5 exf5 5. Nf3 Nf6 6. Bg5 0-0 7. Be2 Bxc3+ 8. bxc3 h6 9. Bxf6 Qxf6 10. Bc4+ Kh8 11. 0-0 d6 12. Re1 Nc6 13. Rb1 Na5 14. Bd5 c6 15. Bb3 f4 16. Qe2 Bg4 17. Qe7 Bxf3 18. Qxf6 Rxf6 19. gxf3 d5 20. Re5 b5 21. Rbe1 Rf7 22. Re8+ Rxe8 23. Rxe8+ Kh7 24. a4 bxa4 25. Bxa4 Rc7 26. Re6 Kg8 27. h4 Kf7 28. Rd6 Ke7 29. Rg6 Kd8 30. Kg2 Kc8 31. Kh3 h5 32. Rg5 Nc4 33. Bb3 Nb6 34. Ba2 Re7 35. c4 dxc4 36. Rc5 Rd7 37. c3 Rd5 38. Rxc6+ Kb7 39. Rg6 Rd7 40. Rg5 Rc7 41. d5 Rd7 42. Rxh5 a5 43. d6 Ka6 44. Rc5 Rxd6 45. Bxc4+ Nxc4 46. Rxc4 Kb5 47. Rxf4 a4 48. Rf5+ Kc4 49. Ra5 Kb3 50. Ra7 Rg6 51. h5 Rg1 52. Kh4 a3 53. Rb7+ Kxc3 54. Ra7 Kb2 55. Rb7+ Kc3 56. Ra7 Kb2 57. Rb7+ Ka1 58. f4 a2 59. f5 Rb1 60. Ra7 Kb2 61. h6 Rh1+ 62. Kg5 gxh6+ 63. Kg6 a1Q 64. Rxa1 Kxa1 65. f6 Rh4 66. Kf5 Ra4 67. f7 Ra8 68. Kg6 Ra6+ 69. Kf5 Ra8 70. Kg6 Rf8 71. Kg7 Rxf7+ 72. Kxf7 h5 73. f4 h4 74. f5 h3 75. f6 h2 76. Kg8 h1Q 77. f7 Qg2+ 78. Kh7 Qh3+ 79. Kg7 Qg4+ 80. Kh7 Qh5+ 81. Kg8 Qg6+ 82. Kh8 Qf6+ 83. Kg8 Qe6 84. Kg7 Qe7 85. Kg8 Qg5+ 86. Kh7 Qf6 87. Kg8 Qg6+ 88. Kh8 Qxf7 1/2-1/2

[Event "Udaipur Holi Cup 6th"]
[Site "Udaipur"]
[Date "2024.03.31"]
[Round "2"]
[White "Singh, Arvinder Preet"]
[Black "Medhvansh, Madeti"]
[Result "1-0"]
[WhiteElo "2030"]
[BlackElo "1684"]
[PlyCount "75"]
[EventDate "2024.03.31"]
[EventType "swiss"]
[EventRounds "9"]
[EventCountry "IND"]
[SourceTitle "CBM 219 Extra"]
[Source "ChessBase"]
[SourceDate "2024.05.31"]
[SourceVersion "1"]
[SourceVersionDate "2024.05.31"]
[SourceQuality "1"]

1. e4 e5 2. Nf3 Nc6 3. Bb5 a6 4. Ba4 Nf6 5. 0-0 Be7 6. Re1 b5 7. Bb3 d6 8. c3 0-0 9. h3 Nb8 10. d4 Nbd7 11. Nbd2 Bb7 12. Bc2 Re8 13. Nf1 Bf8 14. Ng3 g6 15. b3 exd4 16. cxd4 c5 17. Bb2 Bg7 18. Qd2 cxd4 19. Bxd4 Ne5 20. Rad1 Nxf3+ 21. gxf3 Qc7 22. Bb1 Rad8 23. Qb2 Qe7 24. Kh2 Qe6 25. f4 Nh5 26. Nxh5 Bxd4 27. Qxd4 gxh5 28. Re3 Qh6 29. Rg1+ Kf8 30. Rg5 Bc8 31. Reg3 h4 32. Rf3 f6 33. Rd5 Ke7 34. e5 Rg8 35. Rxd6 Bb7 36. exf6+ Kf7 37. Rxd8 Rxd8 38. Qxd8 1-0

[Event "Bijnor op"]
[Site "Bijnor"]
[Date "2024.03.19"]
[Round "6"]
[White "Sai Agni, Jeevitesh J"]
[Black "Singh, Arvinder Preet"]
[Result "0-1"]
[WhiteElo "2285"]
[BlackElo "2030"]
[PlyCount "110"]
[EventDate "2024.03.17"]
[EventType "swiss"]
[EventRounds "9"]
[EventCountry "IND"]
[SourceTitle "CBM 219 Extra"]
[Source "ChessBase"]
[SourceDate "2024.05.31"]
[SourceVersion "1"]
[SourceVersionDate "2024.05.31"]
[SourceQuality "1"]

1. d4 f5 2. Nc3 Nf6 3. Bg5 e6 4. e4 fxe4 5. Nxe4 Be7 6. Bxf6 Bxf6 7. Nf3 0-0 8. c3 Nc6 9. Qc2 d5 10. Nxf6+ gxf6 11. 0-0-0 Qe7 12. h4 Kh8 13. h5 e5 14. Nh4 e4 15. g3 f5 16. Ng2 Nd8 17. Nf4 c6 18. Qd2 Ne6 19. Be2 Qg5 20. Rh4 Nxf4 21. Rxf4 Be6 22. Rh1 h6 23. Rfh4 Rf7 24. Qf4 Kh7 25. Kc2 Qxf4 26. Rxf4 Kg7 27. Kd2 a5 28. Ke3 b5 29. Rg1 Kf6 30. g4 Rg8 31. Rg3 Rg5 32. f3 Rfg7 33. fxe4 dxe4 34. b3 Rxh5 35. c4 bxc4 36. bxc4 Rh2 37. Rg1 h5 38. gxf5 Rxg1 39. fxe6+ Kxe6 40. Rxe4+ Kd7 41. Re5 h4 42. Kf4 Rf2+ 43. Ke3 Rf7 44. Rh5 Rg3+ 45. Kd2 Rf4 46. Rh7+ Kd8 47. Rh8+ Ke7 48. Rh7+ Kf6 49. d5 cxd5 50. cxd5 Ra4 51. Ke1 Rxa2 52. Kf2 Rd3 53. Rxh4 Rdd2 54. Re4 a4 55. Kf3 Rxe2 0-1

[Event "World Amateur-ch U2300"]
[Site "Muscat"]
[Date "2023.11.10"]
[Round "9"]
[White "Mahindrakar, Indrajeet"]
[Black "Singh, Arvinder Preet"]
[Result "1-0"]
[WhiteElo "2000"]
[BlackElo "2040"]
[PlyCount "79"]
[EventDate "2023.11.02"]
[EventType "swiss"]
[EventRounds "9"]
[EventCountry "OMN"]
[SourceTitle "CBM 217 Extra"]
[Source "ChessBase"]
[SourceDate "2024.01.31"]
[SourceVersion "1"]
[SourceVersionDate "2024.01.31"]
[SourceQuality "1"]

1. d4 f5 2. e4 fxe4 3. Nc3 Nf6 4. Bg5 e6 5. Nxe4 Be7 6. Ng3 0-0 7. Nf3 c5 8. Bd3 cxd4 9. Nxd4 Nc6 10. Nxc6 bxc6 11. Qe2 d5 12. 0-0 Qe8 13. Rae1 Rb8 14. c3 Bd6 15. f4 Qf7 16. Rf3 Bd7 17. Kh1 Rbe8 18. Re3 Bc5 19. Re5 Bd6 20. h3 Kh8 21. Bc2 Bxe5 22. fxe5 Ne4 23. Nxe4 dxe4 24. Be3 Qe7 25. b4 Qh4 26. Bc5 Rf5 27. Rd1 Bc8 28. Qxe4 Qxe4 29. Bxe4 Rxe5 30. Bxc6 Rg8 31. Bxa7 Ba6 32. a4 Bc4 33. Rd7 h5 34. b5 Rf8 35. Kh2 h4 36. Rd4 Bd5 37. Bxd5 Rxd5 38. Rxd5 exd5 39. b6 Rf7 40. a5 1-0

[Event "Titled Tuesday intern op 25th Apr Early"]
[Site "Chess.com INT"]
[Date "2023.04.25"]
[Round "2"]
[White "Hajiyev, Kanan"]
[Black "Singh, Arvinder Preet"]
[Result "1-0"]
[WhiteElo "2194"]
[BlackElo "2106"]
[PlyCount "85"]
[EventDate "2023.04.25"]
[EventType "swiss (blitz)"]
[EventRounds "11"]
[EventCountry "USA"]
[SourceTitle "EXT 2024"]
[Source "ChessBase"]
[SourceDate "2023.10.10"]
[SourceVersion "1"]
[SourceVersionDate "2023.10.10"]
[SourceQuality "1"]

1. d4 f5 2. g3 Nf6 3. Bg2 g6 4. Nh3 Bg7 5. 0-0 0-0 6. b3 d6 7. Bb2 c6 8. Nd2 Qc7 9. c4 Re8 10. e4 fxe4 11. Ng5 d5 12. f3 e3 13. Nb1 h6 14. Nh3 e5 15. dxe5 Nfd7 16. f4 dxc4 17. Nc3 Qb6 18. Kh1 Na6 19. Qc2 Nb4 20. Qxg6 Nf8 21. Qxe8 Bxh3 22. Qxa8 Bxg2+ 23. Kxg2 e2 24. Nxe2 Qe3 25. Rae1 Nd3 26. Bd4 Qe4+ 27. Kh3 Qf5+ 28. Kg2 Qe4+ 29. Kg1 Nxe1 30. Rxe1 c3 31. Bxc3 Qe3+ 32. Kg2 Qe4+ 33. Kf2 Kh7 34. Qxa7 Ne6 35. Qe3 Qf5 36. Nd4 Nxd4 37. Bxd4 Qh3 38. Kg1 Qe6 39. Qe4+ Kh8 40. f5 Qe8 41. f6 Bf8 42. e6 c5 43. f7+ 1-0

[Event "Titled Tuesday intern op 25th Apr Early"]
[Site "Chess.com INT"]
[Date "2023.04.25"]
[Round "1"]
[White "Singh, Arvinder Preet"]
[Black "Deng, Henry"]
[Result "0-1"]
[WhiteElo "2106"]
[BlackElo "2158"]
[PlyCount "38"]
[EventDate "2023.04.25"]
[EventType "swiss (blitz)"]
[EventRounds "11"]
[EventCountry "USA"]
[SourceTitle "EXT 2024"]
[Source "ChessBase"]
[SourceDate "2023.10.10"]
[SourceVersion "1"]
[SourceVersionDate "2023.10.10"]
[SourceQuality "1"]

1. e4 c5 2. Nf3 e6 3. d4 cxd4 4. Nxd4 Nf6 5. Nc3 Nc6 6. f4 Bb4 7. Nxc6 bxc6 8. e5 Nd5 9. Bd2 0-0 10. Bd3 Qb6 11. Ne4 Nxf4 12. Qf3 Bxd2+ 13. Nxd2 Nxd3+ 14. Qxd3 Ba6 15. c4 Qxb2 16. 0-0 Qxe5 17. Qxd7 Qe3+ 18. Rf2 Rad8 19. Qxa7 Qxa7 0-1

[Event "Titled Tuesday intern op 25th Apr Early"]
[Site "Chess.com INT"]
[Date "2023.04.25"]
[Round "3"]
[White "Singh, Arvinder Preet"]
[Black "Topalov, Aleksandar"]
[Result "1-0"]
[WhiteElo "2106"]
[BlackElo "2233"]
[PlyCount "107"]
[EventDate "2023.04.25"]
[EventType "swiss (blitz)"]
[EventRounds "11"]
[EventCountry "USA"]
[SourceTitle "EXT 2024"]
[Source "ChessBase"]
[SourceDate "2023.10.10"]
[SourceVersion "1"]
[SourceVersionDate "2023.10.10"]
[SourceQuality "1"]

1. e4 e6 2. d4 d5 3. Nc3 Bb4 4. exd5 exd5 5. Bd3 Ne7 6. Qh5 Be6 7. Nge2 Nbc6 8. 0-0 Qd7 9. Ng3 h6 10. Re1 0-0-0 11. a3 g6 12. Qd1 Bxc3 13. bxc3 Nf5 14. Nxf5 Bxf5 15. Bf4 g5 16. Be5 Rhe8 17. Bf6 Rxe1+ 18. Qxe1 Re8 19. Qd2 Qe6 20. Bg7 Bg6 21. Bxg6 Qxg6 22. Be5 Nxe5 23. dxe5 Rxe5 24. f4 gxf4 25. Qxf4 Qe6 26. Rf1 Re1 27. h3 Rxf1+ 28. Qxf1 a6 29. Qf4 b6 30. a4 Kb7 31. h4 a5 32. g3 Kc6 33. Kh2 b5 34. axb5+ Kxb5 35. Qxc7 a4 36. Qb7+ Kc5 37. Qb4+ Kc6 38. Qxa4+ Kd6 39. Qa6+ Ke5 40. Qe2+ Kd6 41. Qd3 Kc6 42. Qa6+ Kd7 43. Qb7+ Kd6 44. Qb6+ Ke5 45. Qxe6+ Kxe6 46. Kg2 Ke5 47. Kf3 f5 48. h5 Kf6 49. Kf4 Ke6 50. Kf3 Ke5 51. Ke3 Ke6 52. Kd4 Kd6 53. c4 dxc4 54. Kxc4 1-0

[Event "Speed Chess Q2"]
[Site "Chess.com INT"]
[Date "2022.11.12"]
[Round "2"]
[White "Gubajdullin, Alexey"]
[Black "Singh, Arvinder Preet"]
[Result "1-0"]
[WhiteElo "2300"]
[BlackElo "2148"]
[PlyCount "73"]
[EventDate "2022.11.12"]
[EventType "swiss (blitz)"]
[EventRounds "14"]
[EventCountry "USA"]
[SourceTitle "CBM 211 Extra"]
[Source "ChessBase"]
[SourceDate "2023.01.31"]
[SourceVersion "1"]
[SourceVersionDate "2023.01.31"]
[SourceQuality "1"]

1. d4 f5 2. Nf3 Nf6 3. Nc3 e6 4. Bg5 Be7 5. Bxf6 Bxf6 6. e4 fxe4 7. Nxe4 0-0 8. Bd3 Nc6 9. c3 d5 10. Nxf6+ gxf6 11. 0-0 Kh8 12. Re1 Qe7 13. b4 Qg7 14. b5 Ne7 15. g3 Bd7 16. Qb3 Rae8 17. Re3 Ng6 18. Kh1 c6 19. Rae1 e5 20. Bxg6 hxg6 21. dxe5 fxe5 22. Nxe5 Bh3 23. f4 g5 24. Qd1 Qh7 25. fxg5 Rf2 26. Ng6+ Kg7 27. Re7+ Rf7 28. Rxf7+ Kxf7 29. Qf3+ Kxg6 30. Rxe8 Bf5 31. bxc6 Qf7 32. Qe2 Be4+ 33. Rxe4 dxe4 34. Qxe4+ Kxg5 35. Qf4+ Qxf4 36. gxf4+ Kxf4 37. cxb7 1-0

[Event "Speed Chess Q2"]
[Site "Chess.com INT"]
[Date "2022.11.12"]
[Round "12"]
[White "Singh, Arvinder Preet"]
[Black "Ljukin, Sergei"]
[Result "0-1"]
[WhiteElo "2148"]
[BlackElo "2362"]
[PlyCount "74"]
[EventDate "2022.11.12"]
[EventType "swiss (blitz)"]
[EventRounds "14"]
[EventCountry "USA"]
[SourceTitle "CBM 211 Extra"]
[Source "ChessBase"]
[SourceDate "2023.01.31"]
[SourceVersion "1"]
[SourceVersionDate "2023.01.31"]
[SourceQuality "1"]

1. e4 e6 2. d3 d5 3. Nd2 Nf6 4. Ngf3 Be7 5. g3 0-0 6. Bg2 c5 7. 0-0 Nc6 8. Re1 Qc7 9. e5 Nd7 10. Qe2 b5 11. Nf1 Qb6 12. h4 c4 13. Qd1 cxd3 14. cxd3 b4 15. Bf4 a5 16. N1h2 Ba6 17. Ng5 Qd4 18. Bf1 Bxg5 19. hxg5 Ndxe5 20. Qh5 Nxd3 21. Be3 Qe4 22. Bxd3 Qxd3 23. Rac1 Rac8 24. Ng4 Qg6 25. Qh3 Qf5 26. Bc5 Rfe8 27. Qh4 Bd3 28. Ne3 Qf3 29. Ng4 Be4 30. Qh3 Bf5 31. Nh2 Qxf2+ 32. Kxf2 Bxh3 33. Nf3 Bf5 34. Bb6 Be4 35. Nd2 Bf5 36. Nb3 a4 37. Nc5 b3 0-1

[Event "Speed Chess Q2"]
[Site "Chess.com INT"]
[Date "2022.11.12"]
[Round "8"]
[White "Singh, Arvinder Preet"]
[Black "Prohorov, Olexandr"]
[Result "1-0"]
[WhiteElo "2148"]
[BlackElo "2086"]
[PlyCount "57"]
[EventDate "2022.11.12"]
[EventType "swiss (blitz)"]
[EventRounds "14"]
[EventCountry "USA"]
[SourceTitle "CBM 211 Extra"]
[Source "ChessBase"]
[SourceDate "2023.01.31"]
[SourceVersion "1"]
[SourceVersionDate "2023.01.31"]
[SourceQuality "1"]

1. e4 g6 2. d4 Bg7 3. Nc3 d6 4. f4 c5 5. Nf3 cxd4 6. Nxd4 Nf6 7. Be2 0-0 8. Be3 Nc6 9. 0-0 Qa5 10. Nb3 Qc7 11. Qd2 a6 12. Nd5 Nxd5 13. exd5 Nb8 14. Bd4 Nd7 15. Bxg7 Kxg7 16. c3 Nf6 17. Rae1 h5 18. h3 b5 19. Nd4 Nxd5 20. Bf3 Bb7 21. f5 Qc5 22. Kh1 Bc8 23. fxg6 fxg6 24. Bxd5 Qxd5 25. Rxe7+ Kg8 26. Rxf8+ Kxf8 27. Rc7 Bf5 28. Qh6+ Ke8 29. Qh8+ 1-0

[Event "World Amateur-ch"]
[Site "Mellieha"]
[Date "2022.10.27"]
[Round "7"]
[White "Singh, Arvinder Preet"]
[Black "Bourgois, Bastien"]
[Result "1/2-1/2"]
[WhiteElo "2022"]
[BlackElo "2137"]
[PlyCount "108"]
[EventDate "2022.10.21"]
[EventType "swiss"]
[EventRounds "9"]
[EventCountry "MLT"]
[SourceTitle "EXT 2024"]
[Source "ChessBase"]
[SourceDate "2023.10.10"]
[SourceVersion "1"]
[SourceVersionDate "2023.10.10"]
[SourceQuality "1"]

1. e4 c5 2. Nf3 Nc6 3. d4 cxd4 4. Nxd4 e5 5. Nb5 a6 6. Nd6+ Bxd6 7. Qxd6 Qf6 8. Qd1 Qg6 9. Nc3 d5 10. Nxd5 Qxe4+ 11. Be3 Nd4 12. Nc7+ Ke7 13. Rc1 Bg4 14. Qd3 Qxd3 15. Bxd3 Rd8 16. h3 Bh5 17. f4 exf4 18. Bxf4 Bg6 19. Bxg6 hxg6 20. c3 Nc6 21. 0-0 Nf6 22. b4 Rh5 23. a4 g5 24. Rce1+ Kf8 25. Bg3 Rd3 26. Rf3 Rxf3 27. gxf3 Rxh3 28. Kg2 Rh6 29. c4 Kg8 30. b5 Na5 31. c5 axb5 32. axb5 Nh5 33. Re8+ Kh7 34. Ra8 Nb3 35. c6 bxc6 36. b6 Nc5 37. Na6 Nxa6 38. Rxa6 c5 39. b7 Rxa6 40. b8Q Nxg3 41. Kxg3 Rf6 42. Qc8 Rf4 43. Qxc5 f6 44. Qc2+ Kg8 45. Qg6 Rh4 46. Qe8+ Kh7 47. Qf7 Rf4 48. Qf8 Rh4 49. Qe8 Rf4 50. Kf2 Rh4 51. Ke3 Rf4 52. Qh5+ Kg8 53. Qe8+ Kh7 54. Qc8 Rh4 1/2-1/2